<?xml version="1.0" encoding="UTF-8"?>
<record
    xmlns:xsi="http://www.w3.org/2001/XMLSchema-instance"
    xsi:schemaLocation="http://www.loc.gov/MARC21/slim http://www.loc.gov/standards/marcxml/schema/MARC21slim.xsd"
    xmlns="http://www.loc.gov/MARC21/slim">

  <leader>00586nam a22002057a 4500</leader>
  <controlfield tag="003">SEM</controlfield>
  <controlfield tag="005">20220824154908.0</controlfield>
  <controlfield tag="008">220824s2020    ai ||||gr|||||001 0 arm|d</controlfield>
  <datafield tag="020" ind1=" " ind2=" ">
    <subfield code="a">9789939765273</subfield>
  </datafield>
  <datafield tag="040" ind1=" " ind2=" ">
    <subfield code="a">SEM</subfield>
    <subfield code="c">SEM</subfield>
  </datafield>
  <datafield tag="041" ind1=" " ind2=" ">
    <subfield code="a">arm</subfield>
  </datafield>
  <datafield tag="080" ind1=" " ind2=" ">
    <subfield code="a">891.981-1/&#x54D;-12</subfield>
  </datafield>
  <datafield tag="100" ind1=" " ind2=" ">
    <subfield code="a">&#x54D;&#x561;&#x56B;&#x564;&#x561;-&#x547;&#x578;&#x572;&#x561;&#x56F;&#x561;&#x569;</subfield>
  </datafield>
  <datafield tag="245" ind1=" " ind2=" ">
    <subfield code="a">&#x546;&#x565;&#x580;&#x577;&#x576;&#x579;&#x561;&#x576;&#x584;&#x56B; &#x570;&#x576;&#x571;&#x561;&#x576; /</subfield>
    <subfield code="c">&#x54D;&#x561;&#x56B;&#x564;&#x561;-&#x547;&#x578;&#x572;&#x561;&#x56F;&#x561;&#x569;</subfield>
  </datafield>
  <datafield tag="260" ind1=" " ind2=" ">
    <subfield code="a">&#x535;&#x580;&#x587;&#x561;&#x576; :</subfield>
    <subfield code="b">&#x531;&#x576;&#x57F;&#x561;&#x580;&#x565;&#x57D;,</subfield>
    <subfield code="c">2020.</subfield>
  </datafield>
  <datafield tag="300" ind1=" " ind2=" ">
    <subfield code="a">290+[9] &#x567;&#x57B; ;</subfield>
    <subfield code="c">20 &#x57D;&#x574;</subfield>
  </datafield>
  <datafield tag="650" ind1=" " ind2=" ">
    <subfield code="a">&#x540;&#x561;&#x575; &#x563;&#x580;&#x561;&#x56F;&#x561;&#x576;&#x578;&#x582;&#x569;&#x575;&#x578;&#x582;&#x576;</subfield>
    <subfield code="x">&#x57A;&#x578;&#x565;&#x566;&#x56B;&#x561;</subfield>
  </datafield>
  <datafield tag="653" ind1=" " ind2=" ">
    <subfield code="a">&#x54D;&#x537;&#x544;</subfield>
  </datafield>
  <datafield tag="942" ind1=" " ind2=" ">
    <subfield code="2">udc</subfield>
    <subfield code="c">BK</subfield>
    <subfield code="n">0</subfield>
  </datafield>
  <datafield tag="999" ind1=" " ind2=" ">
    <subfield code="c">72719</subfield>
    <subfield code="d">72719</subfield>
  </datafield>
  <datafield tag="952" ind1=" " ind2=" ">
    <subfield code="0">0</subfield>
    <subfield code="1">0</subfield>
    <subfield code="2">udc</subfield>
    <subfield code="4">0</subfield>
    <subfield code="7">0</subfield>
    <subfield code="8">&#x533;&#x580;&#x561;&#x57A;&#x561;&#x570;&#x578;&#x581;</subfield>
    <subfield code="a">SEM</subfield>
    <subfield code="b">SEM</subfield>
    <subfield code="d">2022-08-24</subfield>
    <subfield code="g">1000.00</subfield>
    <subfield code="i">34024</subfield>
    <subfield code="l">0</subfield>
    <subfield code="o">891.981-1/&#x54D;-12</subfield>
    <subfield code="p">34024</subfield>
    <subfield code="r">2022-08-24</subfield>
    <subfield code="w">2022-08-24</subfield>
    <subfield code="y">BK</subfield>
    <subfield code="z">&#x54D;&#x57A;&#x561;&#x57D;&#x561;&#x580;&#x56F;&#x57E;&#x578;&#x582;&#x574; &#x567; &#x568;&#x576;&#x569;&#x565;&#x580;&#x581;&#x561;&#x57D;&#x580;&#x561;&#x570;</subfield>
  </datafield>
</record>
